Stati dell'America del Sud in ordine alfabetico - Statistics

Statistiche generali
  • Questo quiz è stato fatto 25 volte
  • Il punteggio medio è 11 su 12
Statistiche sulle risposte
Lettera iniziale Stato % Corretto
A Argentina
100%
B Bolivia
95%
B Brasile
95%
E Ecuador
95%
P Paraguay
95%
U Uruguay
95%
V Venezuela
95%
C Cile
91%
C Colombia
91%
P Perù
91%
S Suriname
86%
G Guyana
82%
Nessun quiz corrispondente trovato
Distribuzione punteggi
Percentuale di utenti per punteggio
Percentile per numero di risposta
I tuoi punteggi nel tempo
Non hai fatto questo quiz